[Event "AUTO-INT-483"]
[Site "http://www.queenalice.com/game.php?id=221451"]
[Date "2007.6.6"]
[Round "1"]
[White "LucTerra_Joi"]
[Black "jmsteinfeld"]
[Result "0-1"]
[WhiteElo "1469"]
[BlackElo "1716"]

1. e4 e5 2. h4 d5 3. Qf3 d4 4. Bc4 Qf6 5. d3 Be6 6. Bg5 Qxf3 7. Nxf3 Bxc4 8.
dxc4 f6 9. Bd2 Nc6 10. b4 Bxb4 11. c3 dxc3 12. Bxc3 O-O-O 13. O-O Nge7 14. a3
Ba5 15. c5 Bxc3 16. Nxc3 a6 17. g3 h5 18. Nh2 g5 19. Nf3 gxh4 20. Nxh4 Rdg8 21.
Rad1 Nd4 22. Rd3 f5 23. exf5 Ndxf5 24. Re1 Nxh4 25. Rxe5 Nhf5 26. Nd5 Re8 27.
Nf6 Rd8 28. Rxd8+ Kxd8 29. f3 Nxg3 30. Re3 h4 31. Rd3+ Kc8 32. Kg2 Nef5 33. Ne4
h3+ 34. Kh2 Nf1+ 35. Kh1 h2 36. f4 N5g3+ 37. Nxg3 Nxg3+ 38. Rxg3 b6 39. cxb6
cxb6 40. f5 b5 41. f6 Kd7 42. Rf3 Ke6 43. f7 Rf8 44. Kxh2 Rxf7 45. Rh3 Ke5 46.
Rh4 a5 47. Rh5+ Rf5 48. Rh4 Kd5 49. a4 b4 50. Rh3 Kc4 51. Rh6 Kb3 52. Kg3 Kxa4
53. Kg4 Rc5 54. Rb6 b3 55. Kf4 Ka3 56. Ke4 a4 57. Kd4 Rc1 58. Kd3 b2 59. Rxb2
Kxb2 60. Kd2 a3 61. Kd3 a2 62. Kd2 a1=Q 63. Ke2 Qa3 64. Kd2 Rc2+ 65. Kd1 Qa1#
0-1

[Event "AUTO-INT-483"]
[Site "http://www.queenalice.com/game.php?id=221452"]
[Date "2007.6.6"]
[Round "1"]
[White "jmsteinfeld"]
[Black "LucTerra_Joi"]
[Result "1-0"]
[WhiteElo "1603"]
[BlackElo "1535"]

1. e4 e5 2. Nf3 Nc6 3. Bb5 Na5 4. d4 c6 5. Bd3 exd4 6. Nxd4 Qf6 7. Be3 Bc5 8.
Nf5 Bb4+ 9. c3 Bd6 10. Nxd6+ Qxd6 11. O-O Nf6 12. Bg5 Ng8 13. Re1 f6 14. Bh4 g5
15. Qh5+ Kd8 16. Bg3 Qxd3 17. Qf7 Nh6 18. Qxf6+ Ke8 19. Qxh8+ Ke7 20. Qxh7+ Nf7
21. Na3 Nb3 22. axb3 b6 23. Rad1 Qa6 24. Bd6+ Ke6 25. Qf5# 1-0

[Event "Challenge"]
[Site "http://www.queenalice.com/game.php?id=221499"]
[Date "2007.6.6"]
[Round "-"]
[White "diehexe"]
[Black "LucTerra_Joi"]
[Result "1-0"]
[WhiteElo "961"]
[BlackElo "1441"]

1. e4 e5 2. Nf3 g5 3. Nxe5 Nh6 4. Bc4 f6 5. Nf7 Nxf7 6. Qh5 Qe7 7. d3 Bh6 8. Nc3
c6 9. Bxf7+ Qxf7 10. Qxh6 Qg6 11. Qxg6+ Kd8 12. Qxf6+ Kc7 13. Qxh8 b5 14. Bxg5
Na6 15. a4 Bb7 16. Qxh7 Rf8 17. Qg7 Re8 18. axb5 Nb4 19. Qf7 cxb5 20. Qxe8 Nxc2+
21. Kd2 Nxa1 22. Rxa1 a6 23. h4 b4 24. Bf4+ Kc6 25. Nd5 b3 26. Nf6 Kb6 27. Nxd7+
Ka7 28. Qb8# 1-0

[Event "AUTO-OPEN-688"]
[Site "http://www.queenalice.com/game.php?id=221569"]
[Date "2007.6.6"]
[Round "1"]
[White "anax"]
[Black "LucTerra_Joi"]
[Result "1-0"]
[WhiteElo "1632"]
[BlackElo "1421"]

1. d4 e6 2. e3 a5 3. Nc3 c6 4. a3 b5 5. Bd2 b4 6. axb4 Ba6 7. Rxa5 Bxb4 8. Ra4
Bxc3 9. Bxc3 h5 10. Ra5 Qf6 11. Rxh5 Rxh5 12. Qxh5 g6 13. Qh7 Kf8 14. d5 e5 15.
Nf3 Bxf1 16. Rxf1 cxd5 17. Bxe5 Qa6 18. Qg7+ Ke7 19. Qxg8 Nc6 20. Qg7 Qb5 21.
Qf6+ Kf8 22. Qh8+ Ke7 23. Qxa8 Qxb2 24. c3 f6 25. Bd4 Qc1+ 26. Ke2 Qb2+ 27. Nd2
g5 28. Qh8 Qb5+ 29. Ke1 Qd3 30. Qxf6+ Ke8 31. Qxg5 Qh7 32. h4 Ne7 33. g4 Qg6 34.
Qxg6+ Nxg6 35. h5 Nh4 36. Rg1 Ke7 37. h6 Ng6 38. Nf3 Kf7 39. g5 Kg8 40. Rh1 Nf8
41. Ne5 d6 42. Nc6 Ne6 43. h7+ Kf7 44. h8=Q Nxg5 45. Qg7+ Ke6 46. Qe7+ Kf5 47.
Qf6+ Kg4 48. Rg1+ Kh3 49. Qh6# 1-0

[Event "AUTO-OPEN-688"]
[Site "http://www.queenalice.com/game.php?id=221570"]
[Date "2007.6.6"]
[Round "1"]
[White "LucTerra_Joi"]
[Black "anax"]
[Result "0-1"]
[WhiteElo "1432"]
[BlackElo "1484"]

1. h4 e6 2. e3 Nf6 3. g4 h6 4. h5 d5 5. c4 Nc6 6. a3 e5 7. Bg2 Bxg4 8. f3 Bxh5
9. Qa4 Bg6 10. Nc3 dxc4 11. Qxc4 Na5 12. Qb5+ c6 13. Qxe5+ Be7 14. Ne4 Nxe4 15.
fxe4 Nc4 16. Qd4 Nd6 17. Qxg7 Bf6 18. Qxh8+ Bxh8 19. d3 h5 20. e5 Nf5 21. Nf3
Qxd3 22. Ng1 Bxe5 23. Rh3 Bg3+ 24. Rxg3 Nxg3 25. b4 Qc3+ 26. Kf2 Qxa1 27. Kxg3
Qxc1 28. Ne2 Qxa3 29. Kf4 Qxb4+ 30. Kg3 O-O-O 31. Bh3+ Kc7 32. Nd4 Re8 33. Nc2
Bxc2 34. Bg2 Rxe3+ 35. Kf2 Qd2+ 36. Kg1 Rg3 37. Kf1 Bd3+ 38. Kg1 Qxg2# 0-1

[Event "AUTO-OPEN-688"]
[Site "http://www.queenalice.com/game.php?id=221589"]
[Date "2007.6.6"]
[Round "1"]
[White "LucTerra_Joi"]
[Black "stonehengedog"]
[Result "0-1"]
[WhiteElo "1442"]
[BlackElo "1599"]

1. h4 d5 2. e3 e5 3. Qf3 Nf6 4. Bb5+ c6 5. Bd3 e4 6. Bxe4 Nxe4 7. d3 Nf6 8. b3
Be7 9. e4 dxe4 10. dxe4 Qd4 11. c3 Qxe4+ 12. Qxe4 Nxe4 13. Nd2 Nxc3 14. Kf1 O-O
15. Ndf3 Na6 16. Bd2 Nd5 17. Re1 Bf6 18. h5 h6 19. Rd1 Bg4 20. Re1 Rfe8 21. Nd4
Rxe1+ 22. Bxe1 Bxd4 23. f3 Bxg1 24. fxg4 Bc5 25. Rh3 Re8 26. Rf3 Bb4 27. Bf2 Nc5
28. Bxc5 Bxc5 29. Rf5 Ne3+ 30. Kf2 Nxf5+ 31. Kf3 Nd4+ 32. Kf4 Nxb3 33. axb3 a5
34. g5 hxg5+ 35. Kxg5 Re3 36. b4 axb4 37. h6 gxh6+ 38. Kxh6 Rg3 39. Kh5 b3 40.
Kh4 Rxg2 41. Kh3 Rg6 42. Kh4 b2 43. Kh5 b1=Q 44. Kh4 Qh1# 0-1

[Event "AUTO-OPEN-688"]
[Site "http://www.queenalice.com/game.php?id=221590"]
[Date "2007.6.6"]
[Round "1"]
[White "stonehengedog"]
[Black "LucTerra_Joi"]
[Result "1-0"]
[WhiteElo "1612"]
[BlackElo "1451"]

1. d4 e6 2. c4 Qf6 3. Nf3 h6 4. e4 g5 5. e5 Qg7 6. h3 Bb4+ 7. Bd2 Bxd2+ 8. Qxd2
b6 9. Nc3 Bb7 10. Be2 Nc6 11. O-O-O O-O-O 12. Rhe1 Nb4 13. a3 Bxf3 14. Bxf3 Na6
15. b4 c6 16. b5 Nc7 17. bxc6 dxc6 18. Bxc6 Ne7 19. Be4 f5 20. exf6 Qxf6 21. Qe3
Rhf8 22. f3 e5 23. dxe5 Qxe5 24. Bb7+ Kxb7 25. Qxe5 Nc6 26. Rxd8 Rxd8 27. Qg7
Nd4 28. Nd5 Nb3+ 29. Kb2 Nd2 30. Qxc7+ Ka8 31. Qxd8+ Kb7 32. Re7+ Ka6 33. Qc8+
Ka5 34. Rxa7# 1-0

[Event "AUTO-INT-484"]
[Site "http://www.queenalice.com/game.php?id=221698"]
[Date "2007.6.7"]
[Round "1"]
[White "LucTerra_Joi"]
[Black "walbert"]
[Result "1-0"]
[WhiteElo "1452"]
[BlackElo "1529"]

1. h4 e5 2. Nf3 Nc6 3. e3 Nf6 4. d4 d6 5. Bb5 Ng4 6. Bxc6+ bxc6 7. Qe2 f5 8. Qc4
c5 9. d5 Qf6 10. Qb5+ Bd7 11. Qb7 Rc8 12. Qxa7 e4 13. Nh2 Qxh4 14. g3 Qh5 15.
Nc3 Qh3 16. Bd2 g6 17. O-O-O Bg7 18. Qb7 Rf8 19. Nb5 Nxf2 20. Nxc7+ Kd8 21. Ba5
Nxh1 22. Ne6+ Ke7 23. Rxh1 Be5 24. Nxf8 Rxf8 25. b4 Qg2 26. Rd1 Qxh2 27. bxc5
Ke8 28. c6 Rf7 29. Qb8+ Ke7 30. cxd7 Kxd7 31. Qc7+ Ke8 32. Qd8# 1-0

[Event "AUTO-INT-484"]
[Site "http://www.queenalice.com/game.php?id=221699"]
[Date "2007.6.7"]
[Round "1"]
[White "walbert"]
[Black "LucTerra_Joi"]
[Result "1-0"]
[WhiteElo "1510"]
[BlackElo "1471"]

1. e4 e5 2. Bc4 Qf6 3. Nf3 c6 4. O-O b5 5. Bb3 Ba6 6. Nc3 b4 7. Na4 Bxf1 8. Qxf1
g5 9. Qc4 a5 10. Qd3 Nh6 11. Bc4 g4 12. Ne1 d5 13. exd5 Be7 14. dxc6 Qxc6 15.
Bb5 Qxb5 16. Qxb5+ Nd7 17. Nb6 Ra7 18. Nxd7 Rxd7 19. Qxa5 O-O 20. Qxe5 f6 21.
Qe6+ Kg7 22. Qxd7 Ng8 23. Qxg4+ Kf7 24. d4 Bd6 25. Bf4 Be7 26. c3 bxc3 27. bxc3
Rc8 28. Qxc8 h5 29. Rb1 Ba3 30. Rb7+ Ne7 31. Qc7 h4 32. Bd6 Bxd6 33. Qxd6 f5 34.
Qxe7+ Kg6 35. Nf3 Kh5 36. Qg5# 1-0

[Event "AUTO-INT-484"]
[Site "http://www.queenalice.com/game.php?id=221700"]
[Date "2007.6.7"]
[Round "1"]
[White "LucTerra_Joi"]
[Black "Milton"]
[Result "1-0"]
[WhiteElo "1415"]
[BlackElo "1658"]

1. e3 e5 2. Qh5 Nc6 3. d4 Nf6 4. Qf3 e4 5. Qd1 g6 6. c4 Bb4+ 7. Nd2 d5 8. a3
Bxd2+ 9. Bxd2 Ng4 10. Qe2 dxc4 11. h3 Qh4 12. O-O-O Nxf2 13. Qxc4 Nxh1 14. g4
Na5 15. Qb5+ Nc6 16. Be1 Qg5 17. Qxg5 O-O 18. d5 f6 19. Qh6 g5 20. dxc6 bxc6 21.
Bc3 Be6 22. Bxf6 Rxf6 23. Qxg5+ Rg6 24. Qe7 Nf2 25. Rd4 Rf8 26. Bc4 Bxc4 27.
Rxc4 Nd3+ 28. Kd2 Rd6 29. Qg5+ Kh8 30. Rxe4 Nf2+ 31. Kc2 Nxe4 32. Qe5+ Nf6 33.
Nf3 Kg8 34. Nh4 Re8 35. Qg5+ Kf7 36. Nf5 Re5 37. Qg7+ Ke6 38. Qe7+ Kd5 39. Qf7+
Ke4 40. Qc4+ Kf3 41. Nh4+ Kxe3 42. Ng2+ Kf3 43. Qf1+ Kg3 44. Nf4 Rc5+ 45. Kb1
Ne4 46. Ne2+ Kh4 47. Qe1+ Kxh3 48. Nf4+ Kxg4 49. Qxe4 h5 50. Nd3+ Kg3 51. Nxc5
h4 52. Qh1 h3 53. Ne4+ Kh4 54. Qe1+ Kg4 55. Qg3+ Kf5 56. Ng5 Rh6 57. Nf7 Rh5 58.
Qxc7 h2 59. Qe5+ Kg6 60. Qe6+ Kg7 61. Ne5 h1=Q+ 62. Ka2 c5 63. Qg6+ Kh8 64. Nf7#
1-0

[Event "AUTO-INT-484"]
[Site "http://www.queenalice.com/game.php?id=221701"]
[Date "2007.6.7"]
[Round "1"]
[White "Milton"]
[Black "LucTerra_Joi"]
[Result "1-0"]
[WhiteElo "1664"]
[BlackElo "1432"]

1. e4 d5 2. Nc3 d4 3. Nce2 c5 4. d3 e5 5. Nf3 f6 6. Bd2 a5 7. c4 g5 8. g4 Bxg4
9. Bg2 Qb6 10. Rb1 Nc6 11. Qa4 Bxf3 12. Bxf3 Bh6 13. h4 gxh4 14. Rxh4 Bxd2+ 15.
Kxd2 Qb4+ 16. Qxb4 Nxb4 17. Rbh1 h6 18. Ng3 Nxa2 19. Nf5 O-O-O 20. Nxh6 Ne7 21.
Nf7 Rxh4 22. Rxh4 Rg8 23. Rh7 Nc6 24. Bg4+ Kb8 25. Be6 Nd8 26. Bd7 Nxf7 27. Rxf7
Rg2 28. Rxf6 Kc7 29. Rf7 a4 30. Bxa4+ Kd8 31. Rxb7 Rxf2+ 32. Ke1 Rg2 33. b4 Nc1
34. bxc5 Nxd3+ 35. Kd1 Nxc5 36. Ra7 Nxe4 37. Bc6 Nc3+ 38. Ke1 d3 39. Rd7+ Kc8
40. Rxd3 Ne4 41. Bxe4 Rg1+ 42. Kd2 Rg4 43. Bf5+ Kc7 44. Bxg4 Kc6 45. Bf3+ Kc5
46. Kc3 Kb6 47. Re3 Kc5 48. Rxe5+ Kd6 49. Rd5+ Kc6 50. Rh5+ Kd6 51. c5+ Kc7 52.
c6 Kb6 53. Kc4 Kc7 54. Kc5 Kc8 55. Kd6 Kd8 56. c7+ Kc8 57. Rh8# 1-0

[Event "AUTO-INT-484"]
[Site "http://www.queenalice.com/game.php?id=221702"]
[Date "2007.6.7"]
[Round "1"]
[White "LucTerra_Joi"]
[Black "Alx"]
[Result "1/2-1/2"]
[WhiteElo "1441"]
[BlackElo "1456"]

1. e3 e6 2. b3 Qf6 3. d4 Nh6 4. Bb2 Ng4 5. Qxg4 h5 6. Qf4 Qe7 7. Nd2 g5 8. Qe5
Rh6 9. Qxc7 Nc6 10. Bb5 Nb4 11. O-O-O a5 12. Nc4 Nxa2+ 13. Kb1 a4 14. bxa4 Qb4
15. Nb6 Be7 16. Nxd7 Nc3+ 17. Kc1 Na2+ 18. Kb1 Bxd7 19. Qxd7+ Kf8 20. Qxb7 Rxa4
21. Rd3 Qe1+ 22. Bc1 Nxc1 23. Rc3 Na2+ 24. Kb2 Qb1+ 25. Kxb1 Nxc3+ 26. Kb2 Bb4
27. Qc8+ Kg7 28. Kb3 Ra1 29. Kxb4 Nxb5 30. Qb8 Rb1+ 31. Ka4 Nc3+ 32. Ka3 e5 33.
Qxe5+ Kf8 34. Qc5+ Kg8 35. Qc8+ Kg7 36. Nf3 Rb5 37. h4 Rh8 38. Qa6 Rbb8 39. Qa5
Ra8 40. Qxa8 Rxa8+ 41. Kb3 Rc8 42. Nxg5 Kg6 43. Nh3 Kf5 44. Rg1 Kg4 1/2-1/2

[Event "AUTO-INT-484"]
[Site "http://www.queenalice.com/game.php?id=221703"]
[Date "2007.6.7"]
[Round "1"]
[White "Alx"]
[Black "LucTerra_Joi"]
[Result "0-1"]
[WhiteElo "1480"]
[BlackElo "1452"]

1. e3 e5 2. Qh5 Qf6 3. Bc4 g6 4. Nf3 gxh5 5. Nc3 b6 6. d3 Bb7 7. e4 Bb4 8. Bg5
Qd6 9. a3 Bxc3+ 10. bxc3 f6 11. Bh4 Nc6 12. a4 Nh6 13. h3 O-O-O 14. Ke2 Rhg8 15.
Ra2 Rxg2 16. Bb5 Ne7 17. a5 a6 18. Bc4 b5 19. Bb3 Ng6 20. d4 Nf4+ 21. Ke3 exd4+
22. cxd4 c5 23. Rd1 Nxh3 24. c3 Qf4+ 25. Ke2 Qxe4+ 26. Kd2 Qxf3 27. dxc5 Qf4+
28. Kc2 Qxh4 29. Rd6 Rxf2+ 30. Kc1 Qf4+ 31. Rdd2 Rf1+ 32. Bd1 Bd5 33. Rb2 Nf2
34. Kb1 Nxd1 35. Rxd5 Qe4+ 36. Rc2 Qxd5 37. c6 Ne3+ 38. Kb2 Nxc2 39. Kxc2 dxc6
40. Kb2 Rf2+ 41. Ka3 Qa2+ 42. Kb4 Rd5 43. c4 Qxc4+ 44. Ka3 Rd3# 0-1

[Event "AUTO-INT-524"]
[Site "http://www.queenalice.com/game.php?id=238046"]
[Date "2007.7.11"]
[Round "1"]
[White "davi92"]
[Black "LucTerra_Joi"]
[Result "0-1"]
[WhiteElo "1323"]
[BlackElo "1479"]

1. e3 e6 2. Nf3 g5 3. b3 Nh6 4. Bb2 f6 5. Nd4 e5 6. Nf3 b6 7. Nc3 Bb7 8. Rb1 Nc6
9. Bb5 Ne7 10. Ng1 c6 11. Bc4 b5 12. Bd3 Qa5 13. Qh5+ Ng6 14. Bxg6+ Kd8 15. Ne4
Qxa2 16. Nc3 Qa6 17. Ra1 Qb6 18. Ne4 d5 19. Nxf6 Bc8 20. Bxe5 c5 21. Qxg5 Be7
22. Qf4 hxg6 23. Nxd5 Qb7 24. Bxh8 Bf8 25. Qxf8+ Kd7 26. Qxh6 Qxd5 27. Nf3 Ba6
28. Rxa6 Qf5 29. Qh7+ Ke8 30. Rf6 Qxc2 31. Rf7 Qc1+ 32. Ke2 c4 0-1

[Event "AUTO-INT-524"]
[Site "http://www.queenalice.com/game.php?id=238047"]
[Date "2007.7.11"]
[Round "1"]
[White "LucTerra_Joi"]
[Black "davi92"]
[Result "0-1"]
[WhiteElo "1452"]
[BlackElo "1398"]

1. e3 e6 2. f4 Nh6 3. h4 b6 4. g3 Bb7 5. Rh2 Na6 6. g4 Ng8 7. c3 Rc8 8. g5 Nc5
9. b4 Ne4 10. Ne2 c5 11. d3 Nd6 12. e4 cxb4 13. c4 f5 14. e5 Nf7 15. Qa4 Bc6 16.
Qb3 b5 17. c5 Bxc5 18. h5 Bd5 19. Qd1 Qa5 20. Bd2 Qb6 21. g6 hxg6 22. Bg2 Rxh5
23. Rxh5 gxh5 24. Bxd5 Bf2+ 25. Kf1 Bh4 26. Bg2 Qf2# 0-1

[Event "AUTO-INT-524"]
[Site "http://www.queenalice.com/game.php?id=238054"]
[Date "2007.7.11"]
[Round "1"]
[White "LucTerra_Joi"]
[Black "felipe_jp"]
[Result "1-0"]
[WhiteElo "1441"]
[BlackElo "1307"]

1. e3 e5 2. Qf3 d5 3. c4 dxc4 4. Bxc4 Nh6 5. Qh5 c6 6. Qxe5+ Be7 7. Qxg7 Kd7 8.
Qxh6 b5 9. Bxf7 c5 10. Nc3 b4 11. Nd5 Nc6 12. Qe6# 1-0

[Event "AUTO-INT-524"]
[Site "http://www.queenalice.com/game.php?id=238055"]
[Date "2007.7.11"]
[Round "1"]
[White "felipe_jp"]
[Black "LucTerra_Joi"]
[Result "1-0"]
[WhiteElo "1393"]
[BlackElo "1446"]

1. e4 e6 2. Nf3 b6 3. d4 Bb7 4. Bd3 Bb4+ 5. Bd2 Bxd2+ 6. Nbxd2 d5 7. exd5 Bxd5
8. O-O Nf6 9. c4 Bxf3 10. Nxf3 Nc6 11. d5 exd5 12. cxd5 Nxd5 13. a4 Nf4 14. Be4
Qxd1 15. Raxd1 Na5 16. Ng5 h6 17. Nh7 Ne2+ 18. Kh1 Rd8 19. Rxd8+ Kxd8 20. Re1
Nf4 21. g3 Nh3 22. f4 Re8 23. Bg2 Nf2+ 24. Kg1 Nd3 25. Rxe8+ Kxe8 26. b4 Nxb4
27. g4 Nd3 28. g5 Nxf4 29. Bf3 Nc4 30. Bc6+ Ke7 31. gxh6 Ne3 32. Kf2 Nd1+ 33.
Ke1 Ne3 34. Kf2 Nd1+ 35. Ke1 Nc3 36. hxg7 Kd6 37. Bf3 Kc5 38. g8=Q Kb4 39. Qxf7
Ng2+ 40. Bxg2 Kxa4 41. Qc4+ Ka5 42. Qxc3+ Ka6 43. Qxc7 Kb5 44. Nf6 a5 45. Qc6+
1-0

[Event "Challenge"]
[Site "http://www.queenalice.com/game.php?id=238984"]
[Date "2007.7.12"]
[Round "-"]
[White "mogerio"]
[Black "LucTerra_Joi"]
[Result "1-0"]
[WhiteElo "1291"]
[BlackElo "1484"]

1. e4 Nf6 2. Nc3 d5 3. exd5 Nxd5 4. Nxd5 Qxd5 5. Nf3 Qe6+ 6. Qe2 Qxe2+ 7. Bxe2
e6 8. O-O Bc5 9. d4 Bb6 10. Bf4 f6 11. Bb5+ c6 12. Bc4 g5 13. Bd2 e5 14. dxe5 g4
15. Nh4 fxe5 16. Rfe1 Nd7 17. Re2 Bd4 18. Bc3 b5 19. Bd3 Bxc3 20. bxc3 Ba6 21.
Rae1 O-O-O 22. Nf5 h5 23. Nd6+ Kc7 24. Ne4 Rdf8 25. Nc5 Nxc5 26. Rxe5 Nd7 27.
Re7 Kd8 28. R7e6 Nc5 29. Rd6+ 1-0

[Event "Challenge"]
[Site "http://www.queenalice.com/game.php?id=244968"]
[Date "2007.7.24"]
[Round "-"]
[White "LucTerra_Joi"]
[Black "rafaelbdb"]
[Result "0-1"]
[WhiteElo "1460"]
[BlackElo "1508"]

1. e3 e5 2. e4 Nf6 3. f3 Nc6 4. g4 Be7 5. b3 O-O 6. Bc4 d5 7. exd5 Nxd5 8. Nc3
Nxc3 9. dxc3 Qxd1+ 10. Kxd1 Be6 11. Bd2 Bxc4 12. bxc4 Rfd8 13. Kc1 Ba3+ 14. Kd1
g6 15. Ne2 Na5 16. c5 Nc4 17. Ke1 Rxd2 18. Rd1 Rad8 19. Rb1 b6 20. cxb6 axb6 21.
f4 Nb2 22. Kf2 exf4 23. Rhd1 Nxd1+ 0-1